000 01052nam a2200277Ia 4500
003 OSt
005 20221005103931.0
006 a|||||r|||| 00| 0
007 ta
008 221004b |||||||| |||| 00| 0 hin d
020 _a9789380292120
_c875
024 _a113885
037 _b350, 17/12/2011, Eastern Book Linkers
_cTextual
040 _aCRL
_cCRL
_bhin
041 _2hin
_ahin
082 _aQ41:224, 152K9;Q0.1.-4
100 _aकौसल्यायन, भदन्त आनन्द, अनु.
245 0 _aअंगुत्तर - निकाय
246 _aAanguttar - nikāya
260 _aदिल्ली
_bगौतम बुक सेन्टर भारत
_c2010
490 _v4 खण्ड़
650 _a बौद्ध धर्म
650 _aधर्मशास्त्र
942 _hQ41:224, 152K9;Q0.1.-4
_cTEXL
_2cc
999 _c1011326
_d1011326